Banderas de África - Estadísticas

Estadísticas generales
  • Esta prueba ha sido intentada 23.215 veces
  • La puntuación promedio es 37 de 54
Estadísticas de respuestas
Imagen Respuesta % Correcto
Sudáfrica
99%
Egipto
95%
Kenia
92%
Túnez
92%
Argelia
91%
Nigeria
90%
Angola
87%
Uganda
86%
Marruecos
85%
Costa de Marfil
82%
Seychelles
81%
Tanzania
79%
Camerún
77%
Liberia
77%
Etiopía
76%
Senegal
75%
Somalia
74%
Esuatini
73%
Mauritania
73%
Ghana
72%
Níger
72%
Cabo Verde
71%
Chad
71%
Libia
69%
Madagascar
69%
Mozambique
68%
República Democrática del Congo
67%
Sudán
67%
Lesoto
66%
Burundi
65%
Comoras
65%
Burkina Faso
64%
Malaui
64%
República Centroafricana
63%
Sudán del Sur
63%
Botsuana
62%
Zambia
62%
Malí
61%
Eritrea
60%
Gabón
59%
Guinea Ecuatorial
59%
Togo
59%
Zimbabue
59%
Mauricio
55%
Sierra Leona
54%
Guinea
53%
República del Congo
53%
Benín
52%
Ruanda
51%
Santo Tomé y Príncipe
51%
Guinea-Bissau
50%
Yibuti
50%
Gambia
47%
Namibia
47%
No se encontraron pruebas coincidentes
Distribución de puntuación
Porcentaje de gente con cada puntuación
Porcentaje por número respondido
Historial de tus puntuaciones
No has intentado esta prueba.